Регионална библиотека "Любен Каравелов" - Русе

Лейди Калигула (Запис номер 77680)

MARC детайли
000 -Лидер
Контролно поле с фиксирана дължина 01233nam a2200313 c 4500
003 - Код на организацията, давaща контролен номер
Контролно поле BLK
005 - Дата и час на последна редакция
Контролно поле 20250623091243.0
008 - Елементи от данни с фиксирана дължина
fixed length control field 180408b bul|||||r ||||||| ||bul||
010 ## - Наследен системен номер
LC control number KNG00082140000
020 ## - Международен стандартен номер на книга ISBN
Международен стандартен номер на книга ISBN 978-954-585-870-3
-- издат.: Бард
040 ## - Източник на каталожния запис
Идентификатор на билиотеката - собственик на записа BLK
041 ## - Код за език
Код за езика на текст/звукозапис или на отделно заглавие Български
Код за езика КДБФ Български
080 ## - УДК
Текстов определител УДК Американска литература (на САЩ)
УДК код - определител по УДК 821.111(73)
УДК определител -993
УДК - код + определител 821.111(73)-993
100 1# - Редна дума - Автор
Автор Браун, Ласе
Авторска отговорност първи автор
R(LIN) 298425
139 ## - Редно поле
Редна дума Браун, Ласе
Авторски знак Брат - Б 78
245 10 - Сведения за заглавието
Заглавие Лейди Калигула
Подзаглавни данни Ист. еротичен епос
Редно поле (дума) Ласе Браун; прев. от англ. Елена Любенова Кодинова.
257 ## - Страна на издаване
Страна на създаване/издаване Съединени американски щати
260 ## - Област на издателските данни
-- София
Име на издателя, разпространителя и проч. Бард
Година на издаване 2008
300 ## - Физическа характеристика
Страници 992 с.
Размери/Мащаб 21 см
380 ## - Жанр
Жанр Худож. лит.
500 ## - Общи забележки
Забележка Ориг. загл. Lady Caligula / Lasse Braun. - Ласе Браун псевд на Алберто Феро
700 1# - Други автори (авторска отговорност)
Лично име Кодинова, Елена Любенова
Дати, свързани с автора 1969-
Автороска отговорност (Описва отношението между автора и произведението) прев. от англ.
9 (RLIN) 80337
852 ## - Местоположение
Форматна сигнатура Цб 238841
856 4# - Електронен адрес и достъп
Електронен формат pdf - файл
Път до файла /url/
856 4# - Електронен адрес и достъп
Електронен формат pdf - файл
Път до файла /url/
942 ## - АРТИКУЛИ
Вид на библиотечния материал Книги
Скрит в OPAC Не
Koha issues (borrowed), all copies 34
944 ## - СЪЗДАВАНЕ И РЕДАКЦИЯ на ЗАПИСА
Създаване/Редакция Създаване
Дата на регистрацията/редакция 11.03.2008
Служител, извършил регистрацията/редакцията 30542
Статус, дата на статуса Русанова Ирена
944 ## - СЪЗДАВАНЕ И РЕДАКЦИЯ на ЗАПИСА
Създаване/Редакция Редакция
Дата на регистрацията/редакция 08.07.2009
Служител, извършил регистрацията/редакцията
999 ## - СИСТЕМНИ КОНТРОЛНИ НОМЕРА
Koha biblionumber 77680
Koha biblioitemnumber 77680
Наличности
Код за отписване Код за изгубен артикул Източник на класификационната схема Код за повреда Коз за рестрикции Код за отдаване Артикулен № Име на библиотеката - собственик Име на библиотеката, в която се намира в момента Статус (Текущо местоположение) Дата на вписване в системата Местоположение - отдел Цена в лева Инвентарен номер Систематично азбучна сигнатура Баркод Номер на екземпляра Цена в евро Служебна бележка Служебен тип на артикула
Изтеглен Не е изгубен Universal Decimal Classification Не е повреден без рестрикции заемане за дома 125945 Регионална библиотека "Любен Каравелов" Русе Регионална библиотека "Любен Каравелов" Русе Заемна - подръчен фонд 2008-03-11 Заемна - подръчен фонд 19.99 120000724304 П 820(73)-9/Б 78 120000724304 1 10.22 Дост: Pk Вид: Ф N: 172 Дата: 11.03.2008 Книги
  Не е изгубен   Не е повреден без рестрикции ползва се в читалня 125946 Регионална библиотека "Любен Каравелов" Русе Регионална библиотека "Любен Каравелов" Русе Хранилище 2009-07-08 Хранилище 19.99 120000736850 Цб 238841 120000736850 2 10.22 Дост: Dp Вид: Д N: 6 Дата: 27.01.2009 Книги
  Не е изгубен Universal Decimal Classification Не е повреден   заемане за дома 687802 Регионална библиотека "Любен Каравелов" Русе Регионална библиотека "Любен Каравелов" Русе Заемна - подръчен фонд 2018-12-27 Заемна - подръчен фонд 5.00   П 820(73)-31/Б 78 120000828889   2.56   Книги
Vip Innovations Ltd, Rousse, Bulgaria 2025